Average yields - No.1 (November 1984) - No.14 (February 1988) (Record no. 90655)

MARC details
000 -LEADER
fixed length control field 00901cam a2200277 4500
001 - CONTROL NUMBER
control field B881
008 - FIXED-LENGTH DATA ELEMENTS--GENERAL INFORMATION
fixed length control field 090401t1988 xxu||||| |||| 00| 0 eng d
035 ## - SYSTEM CONTROL NUMBER
System control number (Sirsi) u38505
041 ## - LANGUAGE CODE
Language code of text/sound track or separate title eng
050 ## - LIBRARY OF CONGRESS CALL NUMBER
Classification number 332.6324
110 ## - MAIN ENTRY--CORPORATE NAME
Corporate name or jurisdiction name as entry element Investors Chronicle
9 (RLIN) 2657
245 ## - TITLE STATEMENT
Title Average yields - No.1 (November 1984) - No.14 (February 1988)
260 ## - PUBLICATION, DISTRIBUTION, ETC.
Place of publication, distribution, etc. London
Name of publisher, distributor, etc. Hillier Parker May and Rowden
Date of publication, distribution, etc. 1984-1988
350 ## - PRICE (NR) (BK AM CF MU VM SE) [OBSOLETE]
Price 0
520 ## - SUMMARY, ETC.
Summary, etc. Updated by quarterly reports from December 1984. - Continued as part of ICHP Property Market Indicators q.v.- From August 1990 published in a new series of Average Yields q.v.
650 ## - SUBJECT ADDED ENTRY--TOPICAL TERM
Topical term or geographic name entry element EQUITIES
650 ## - SUBJECT ADDED ENTRY--TOPICAL TERM
Topical term or geographic name entry element GILTS
650 ## - SUBJECT ADDED ENTRY--TOPICAL TERM
Topical term or geographic name entry element INDUSTRIAL PROPERTY
650 ## - SUBJECT ADDED ENTRY--TOPICAL TERM
Topical term or geographic name entry element OFFICES
650 ## - SUBJECT ADDED ENTRY--TOPICAL TERM
Topical term or geographic name entry element PROPERTY INVESTMENT
650 ## - SUBJECT ADDED ENTRY--TOPICAL TERM
Topical term or geographic name entry element PROPERTY MARKET INDICATORS
650 ## - SUBJECT ADDED ENTRY--TOPICAL TERM
Topical term or geographic name entry element SHOPS
710 ## - ADDED ENTRY--CORPORATE NAME
Corporate name or jurisdiction name as entry element Hillier Parker May and Rowden
9 (RLIN) 2042
942 ## - ADDED ENTRY ELEMENTS (KOHA)
Suppress in OPAC 0
948 ## - LOCAL PROCESSING INFORMATION (OCLC); SERIES PART DESIGNATOR (RLIN)
c (OCLC) 04/03/1997
Holdings
Withdrawn status Lost status Source of classification or shelving scheme Damaged status Not for loan Home library Current library Shelving location Date acquired Total Checkouts Full call number Barcode Date last seen Copy number Price effective from Koha item type
    Dewey Decimal Classification     London London Property market reports 22/08/1991   PROPERTY MARKET REPORTS 30027374 06/08/2019 1 06/08/2019 Reference material
    Dewey Decimal Classification     London London Property market reports 22/08/1991   PROPERTY MARKET REPORTS 30027395 06/08/2019 2 06/08/2019 Reference material
    Dewey Decimal Classification     London London Property market reports 22/08/1991   PROPERTY MARKET REPORTS 30027398 06/08/2019 3 06/08/2019 Reference material
    Dewey Decimal Classification     London London Property market reports 22/08/1991   PROPERTY MARKET REPORTS 30027409 06/08/2019 5 06/08/2019 Reference material
    Dewey Decimal Classification     London London Property market reports 22/08/1991   PROPERTY MARKET REPORTS 30027413 06/08/2019 6 06/08/2019 Reference material
    Dewey Decimal Classification     London London Property market reports 22/08/1991   PROPERTY MARKET REPORTS 30027415 06/08/2019 7 06/08/2019 Reference material
    Dewey Decimal Classification     London London Property market reports 22/08/1991   PROPERTY MARKET REPORTS 30027417 06/08/2019 8 06/08/2019 Reference material
    Dewey Decimal Classification     London London Property market reports 22/08/1991   PROPERTY MARKET REPORTS 30027419 06/08/2019 9 06/08/2019 Reference material
    Dewey Decimal Classification     London London Property market reports 22/08/1991   PROPERTY MARKET REPORTS 30027423 06/08/2019 10 06/08/2019 Reference material
    Dewey Decimal Classification     London London Property market reports 22/08/1991   PROPERTY MARKET REPORTS 30027424 06/08/2019 11 06/08/2019 Reference material
    Dewey Decimal Classification     London London Property market reports 22/08/1991   PROPERTY MARKET REPORTS 30027432 06/08/2019 12 06/08/2019 Reference material
    Dewey Decimal Classification     London London Property market reports 22/08/1991   PROPERTY MARKET REPORTS 30027436 06/08/2019 13 06/08/2019 Reference material
    Dewey Decimal Classification     London London Property market reports 22/08/1991   PROPERTY MARKET REPORTS 30027440 06/08/2019 14 06/08/2019 Reference material
    Dewey Decimal Classification     London London Property market reports 22/08/1991   PROPERTY MARKET REPORTS 30027444 06/08/2019 15 06/08/2019 Reference material